00305nam a2200109Ia 4500008004100000082001800041100001700059245006100076260004200137300000800179650000800187191201s2012 xx 000 0 und d a658.0072bSER aSEKARAN, Uma 0aResearch Methods For Business: A Skill Building Approach aN. DelhibWiley Dreautech Indiac2012 a468 aBBA